000 00442nam a2200145 a 4500
001 000036854
005 20230519124859.0
008 120202s1989 ho 000 0 spa d
020 _a0582534739
040 _aDO-SdBNP
_aspa
_cBNPHU
245 0 0 _aFive great plays of Shakespeare /.
260 _aHong Kong :
_bLongman,
_c1989.
300 _a139 p. ;
_c19 cm.
505 0 _tHamlet --
_tMacbeth --
_tOthello --
_tThe merchant of Venice --
_tHenry V. --
999 _c36345
_d36345